216 câu hỏi-đáp về bộ luật tố tụng hình sự Biên soạn theo những tài liệu mới

Na minha lista:
Detalhes bibliográficos
Autor principal: TRẦN ĐÔNG PHONG
Formato: Livro
Idioma:Undetermined
Publicado em: Cà Mau Nxb. Mũi Cà Mau 2001
Assuntos:
Tags: Adicionar Tag
Sem tags, seja o primeiro a adicionar uma tag!
Thư viện lưu trữ: Trung tâm Học liệu Trường Đại học Cần Thơ
LEADER 00590nam a2200181Ia 4500
001 CTU_46854
008 210402s9999 xx 000 0 und d
082 |a 345.59705 
082 |b Ph431/2001 
100 |a TRẦN ĐÔNG PHONG 
245 0 |a 216 câu hỏi-đáp về bộ luật tố tụng hình sự 
245 0 |b Biên soạn theo những tài liệu mới 
245 0 |c TRẦN ĐÔNG PHONG 
260 |a Cà Mau 
260 |b Nxb. Mũi Cà Mau 
260 |c 2001 
650 |a criminal procedure 
980 |a Trung tâm Học liệu Trường Đại học Cần Thơ